| 000 | 00628nam a2200217 i 4500 | ||
|---|---|---|---|
| 001 | 75177 | ||
| 003 | ES-MaACL | ||
| 005 | 20260305170506.0 | ||
| 007 | t| | ||
| 008 | 040922s1953 sp ||||1| spa d | ||
| 100 | 1 |
_aGraham, Winston. _959528 |
|
| 245 | 1 | 0 |
_aCordelia / _cWinston Graham ; [traducción del inglés por P. Albigés]. |
| 250 | _a[1ª ed.]. | ||
| 260 |
_aBarcelona : _bJano, _c1953 ( _fSocitra) |
||
| 300 |
_a493 p. ; _c19 cm. |
||
| 490 | 1 | _aColección Aliciente | |
| 700 | 1 |
_aAlbigés, P. _919379 |
|
| 830 | 0 |
_aColección Aliciente _9183482 |
|
| 852 |
_aES-MaACL _jD-5772 _bR.36121 |
||
| 999 |
_c75177 _d75177 |
||